[Event "Dresden ZMD op-B 23rd"]
[Site "Dresden"]
[Date "2014.08.22"]
[Round "8"]
[White "Kiessling, Andreas"]
[Black "Reiche, Niccolo"]
[Result "1-0"]
[WhiteElo "1965"]
[BlackElo "1868"]
[PlyCount "43"]
[EventDate "2014.08.15"]
[EventType "swiss"]
[EventRounds "9"]
[EventCountry "GER"]
[SourceTitle "EXT 2024"]
[Source "ChessBase"]
[SourceDate "2023.10.10"]
[SourceVersion "1"]
[SourceVersionDate "2023.10.10"]
[SourceQuality "1"]

1. e4 e6 2. d3 d5 3. Nd2 Nf6 4. Ngf3 c5 5. g3 Nc6 6. Bg2 Be7 7. 0-0 0-0 8. Re1 b5 9. c3 c4 10. e5 Nd7 11. d4 a5 12. h4 b4 13. Ng5 Bb7 14. Qg4 Bxg5 15. hxg5 Re8 16. Nf3 Nf8 17. Nh2 Ne7 18. Qh3 Qd7 19. Ng4 Neg6 20. Nf6+ gxf6 21. gxf6 Bc8 22. Qh6 1-0

[Event "GER-chT U14"]
[Site "Magdeburg"]
[Date "2012.12.29"]
[Round "5.3"]
[White "Reiche, Niccolo"]
[Black "Reimann, Matthias"]
[Result "1-0"]
[WhiteElo "1671"]
[BlackElo "1569"]
[PlyCount "91"]
[EventDate "2012.12.27"]
[EventType "team-swiss"]
[EventRounds "7"]
[EventCountry "GER"]
[SourceTitle "EXT 2014"]
[Source "ChessBase"]
[SourceDate "2013.11.20"]
[SourceVersion "1"]
[SourceVersionDate "2013.11.20"]
[SourceQuality "1"]
[WhiteTeam "Dresden TU"]
[BlackTeam "Goeggingen"]
[WhiteTeamCountry "GER"]
[BlackTeamCountry "GER"]

1. e4 d6 2. d4 Nf6 3. Nc3 g6 4. Bc4 Bg7 5. Be3 0-0 6. Qd2 c6 7. Bb3 b5 8. Nge2 a5 9. a3 Nbd7 10. f3 Rb8 11. 0-0 Qc7 12. Kh1 c5 13. a4 b4 14. Nb5 Qb6 15. g4 Ba6 16. Ng3 Bxb5 17. axb5 e5 18. dxc5 Nxc5 19. Qf2 Qxb5 20. Ba2 a4 21. Rad1 b3 22. cxb3 axb3 23. Bb1 Rfd8 24. g5 Nh5 25. Nxh5 gxh5 26. Rd5 Rbc8 27. f4 Rd7 28. f5 Qb4 29. f6 Bf8 30. Rfd1 Na4 31. Rxe5 Nxb2 32. Qxb2 dxe5 33. Rxd7 Qe1+ 34. Kg2 Qxe3 35. Rd3 Qxe4+ 36. Rf3 Qg4+ 37. Rg3 Qd4 38. Qxb3 Qd2+ 39. Kh3 Qd6 40. g6 Qe6+ 41. Qxe6 fxe6 42. gxh7+ Kf7 43. h8Q Rc6 44. Rg7+ Bxg7 45. Qxg7+ Ke8 46. Qe7# 1-0

[Event "Dresden ZMD op-C 21th"]
[Site "Dresden"]
[Date "2012.08.18"]
[Round "1"]
[White "Schubert, Christoph"]
[Black "Reiche, Niccolo"]
[Result "0-1"]
[WhiteElo "976"]
[BlackElo "1639"]
[PlyCount "102"]
[EventDate "2012.08.18"]
[EventType "swiss"]
[EventRounds "9"]
[EventCountry "GER"]
[SourceTitle "CBM 150 Extra"]
[Source "ChessBase"]
[SourceDate "2012.10.19"]
[SourceVersion "1"]
[SourceVersionDate "2012.10.19"]
[SourceQuality "1"]

1. e4 e6 2. Nc3 c5 3. Nf3 d5 4. exd5 exd5 5. d4 Nf6 6. Bf4 Nc6 7. Be2 Bg4 8. dxc5 Bxc5 9. h3 Bxf3 10. Bxf3 Nd4 11. Na4 Qa5+ 12. c3 Nxf3+ 13. gxf3 0-0 14. Nxc5 Qxc5 15. Qd4 Qb5 16. 0-0-0 Rfe8 17. Qd3 Qa4 18. Kb1 Qxf4 19. Rhe1 Rxe1 20. Rxe1 Qg5 21. c4 dxc4 22. Qxc4 Qf5+ 23. Ka1 Rc8 24. Qb3 Qe6 25. Rd1 Qxb3 26. axb3 Kf8 27. Rd4 Rc6 28. Rd8+ Ke7 29. Rd4 Rc2 30. Rc4 Rxc4 31. bxc4 Kd6 32. Ka2 Nd7 33. Kb3 Kc5 34. Kc3 a5 35. b3 b5 36. cxb5 Kxb5 37. f4 Nf6 38. f5 Ne4+ 39. Kd4 Nxf2 40. h4 Kb4 41. Kd5 Kxb3 42. Kc5 a4 43. Kd6 a3 44. Ke7 a2 45. Kxf7 a1Q 46. f6 Qxf6+ 47. Kg8 Ng4 48. Kxh7 g5 49. hxg5 Qf7+ 50. Kh8 Ne5 51. g6 Nxg6# 0-1

[Event "Sachsen-ch U14"]
[Site "Sebnitz"]
[Date "2011.04.27"]
[Round "3"]
[White "Storch, Domenic"]
[Black "Reiche, Niccolo"]
[Result "1/2-1/2"]
[WhiteElo "1303"]
[BlackElo "1470"]
[PlyCount "120"]
[EventDate "2011.04.26"]
[EventType "swiss"]
[EventRounds "7"]
[EventCountry "GER"]
[SourceTitle "EXT 2012"]
[Source "ChessBase"]
[SourceDate "2011.11.24"]
[SourceVersion "1"]
[SourceVersionDate "2011.11.24"]
[SourceQuality "1"]

1. d4 d5 2. c4 dxc4 3. Nc3 Nf6 4. e4 e6 5. Bxc4 a6 6. Nge2 c5 7. a4 Nc6 8. Be3 b6 9. f3 Bb7 10. 0-0 Be7 11. Qd2 0-0 12. Rfd1 cxd4 13. Nxd4 Bc5 14. Kf2 Ne5 15. Bb3 h6 16. Nde2 Neg4+ 17. fxg4 Nxg4+ 18. Kf3 Nxe3 19. Qxe3 Bxe3 20. Rxd8 Rfxd8 21. Kxe3 Rac8 22. Rd1 Rxd1 23. Bxd1 Kh7 24. Bb3 Rc5 25. Nf4 g5 26. Nd3 Rc7 27. Ne5 Kg7 28. Nc4 Rc6 29. Na2 b5 30. axb5 axb5 31. Na5 Rb6 32. Nxb7 Rxb7 33. Nb4 Kf6 34. Bc2 Ke5 35. g4 Kd6 36. Kd4 f6 37. Nd3 Rb6 38. Kc3 Rc6+ 39. Kb3 Rc4 40. Nc1 Kc5 41. Ne2 f5 42. gxf5 exf5 43. Bd3 Rb4+ 44. Kc3 fxe4 45. Bc2 Rc4+ 46. Kd2 e3+ 47. Kd3 Rh4 48. Kxe3 Rh3+ 49. Ke4 Rxh2 50. Bd3 Kb4 51. Kf3 Rh3+ 52. Ng3 Rh4 53. b3 Rd4 54. Ke3 Rf4 55. Nf5 Rxf5 56. Bxf5 Kxb3 57. Kf3 b4 58. Kg4 Ka2 59. Kh5 b3 60. Kxh6 g4 1/2-1/2